| 000 | 00552nam a2200193Ia 4500 | ||
|---|---|---|---|
| 003 | GCL | ||
| 008 | 140319s9999 xx 000 0 ara d | ||
| 040 |
_aGCL / _cGCL |
||
| 082 | 0 | 4 |
_aط _b813.087 _bف ح |
| 100 | 1 | _aفريد معوض | |
| 245 | 1 | 0 |
_aحكايتى مع الطائرة / _cفريد معوض |
| 700 | 1 | _aميشيل عطااللة | |
| 490 |
_aكتب الاطفال _v0 |
||
| 650 | 0 | 4 | _aالقصص القصيرة |
| 650 | 0 | 4 | _aالاطفال |
| 650 | 0 | 4 | _aقصص الاطفال |
| 650 | 0 | 4 | _aقصص المغامرات |
| 942 |
_2ddc _cBK |
||
| 999 |
_c51359 _d51359 |
||